Southville International School and Colleges
Your cart is empty.
  • Cart
  • Lists
    Public lists Eva Luna New books Lux_list list_1
    Your lists Log in to create your own lists
  • Log in to your account
  • Your cookies
  • Search history
Southville International School and Colleges
  • Advanced search
  • Recent comments
  • Most popular
  • Libraries

Log in to your account

Log in with GOOGLE


If you do not have an external account, but do have a local account, you can still log in:

  1. Home
  2. MARC view: The night is for hunting /
Normal view MARC view ISBD view

The night is for hunting / (Record no. 33240)

[ view plain ]
MARC details
000 -LEADER
fixed length control field 01323cam a2200373 a 4500
003 - CONTROL NUMBER IDENTIFIER
control field OSt
005 - DATE AND TIME OF LATEST TRANSACTION
control field 20140310184239.0
008 - FIXED-LENGTH DATA ELEMENTS--GENERAL INFORMATION
fixed length control field 000606r20011998mau j 000 1 eng
010 ## - LIBRARY OF CONGRESS CONTROL NUMBER
LC control number 00044844
020 ## - INTERNATIONAL STANDARD BOOK NUMBER
International Standard Book Number 9780439858045
020 ## - INTERNATIONAL STANDARD BOOK NUMBER
International Standard Book Number 0439858046
040 ## - CATALOGING SOURCE
Original cataloging agency DLC
Transcribing agency DLC
Modifying agency DLC
042 ## - AUTHENTICATION CODE
Authentication code lcac
050 00 - LIBRARY OF CONGRESS CALL NUMBER
Classification number PZ 7
Item number .M35145Ni 2007
100 1# - MAIN ENTRY--PERSONAL NAME
Personal name Marsden, John
9 (RLIN) 29391
245 14 - TITLE STATEMENT
Title The night is for hunting /
Statement of responsibility, etc John Marsden.
260 ## - PUBLICATION, DISTRIBUTION, ETC. (IMPRINT)
Place of publication, distribution, etc New York :
Name of publisher, distributor, etc Scholastic Inc.,
Date of publication, distribution, etc 2007.
300 ## - PHYSICAL DESCRIPTION
Extent 238 p. :
Dimensions 21 cm.
440 ## - SERIES STATEMENT/ADDED ENTRY--TITLE
Title The tomorrow series
9 (RLIN) 29392
490 1# - SERIES STATEMENT
Series statement Tomorrow series ;
Volume number/sequential designation bk. 6
521 ## - TARGET AUDIENCE NOTE
Target audience note
526 ## - STUDY PROGRAM INFORMATION NOTE
Reading level 810
650 #1 - SUBJECT ADDED ENTRY--TOPICAL TERM
Topical term or geographic name as entry element Survival
Form subdivision Fiction.
9 (RLIN) 29393
650 #1 - SUBJECT ADDED ENTRY--TOPICAL TERM
Topical term or geographic name as entry element War
Form subdivision Fiction.
9 (RLIN) 29394
651 #1 - SUBJECT ADDED ENTRY--GEOGRAPHIC NAME
Geographic name Australia
Form subdivision Fiction.
9 (RLIN) 29395
800 1# - SERIES ADDED ENTRY--PERSONAL NAME
Personal name Marsden, John,
Dates associated with a name 1950-
Title of a work Tomorrow series ;
Volume/sequential designation bk. 6.
9 (RLIN) 29396
856 42 - ELECTRONIC LOCATION AND ACCESS
Materials specified Publisher's description
Uniform Resource Identifier <a href="http://www.loc.gov/catdir/description/hm021/00044844.html">http://www.loc.gov/catdir/description/hm021/00044844.html</a>
856 42 - ELECTRONIC LOCATION AND ACCESS
Materials specified Contributor biographical information
Uniform Resource Identifier <a href="http://www.loc.gov/catdir/enhancements/fy0735/00044844-b.html">http://www.loc.gov/catdir/enhancements/fy0735/00044844-b.html</a>
906 ## - LOCAL DATA ELEMENT F, LDF (RLIN)
a 7
b cbc
c orignew
d 1
e ocip
f 20
g y-gencatlg
942 ## - ADDED ENTRY ELEMENTS (KOHA)
Source of classification or shelving scheme Library of Congress Classification
Koha item type
Holdings
Withdrawn status Lost status Source of classification or shelving scheme Damaged status Home library Current library Shelving location Date acquired Total Checkouts Full call number Barcode Date last seen Copy number Price effective from Koha item type
    Library of Congress Classification   Luxembourg Library Luxembourg Library Scholastic Reading Center Section 03/31/2012   PZ 7 .M35145Ni 2007 SCHO0714 04/18/2017 1 01/30/2014 Books
    Library of Congress Classification   Luxembourg Library Luxembourg Library Scholastic Reading Center Section 10/16/2013   PZ 7 .M35145Ni 2007 SCHO0715 04/18/2017 2 01/30/2014 Books

The night is for hunting /

APA

Marsden J., . (2007). The night is for hunting. New York: Scholastic Inc.

Chicago

Marsden John, . 2007. The night is for hunting. New York: Scholastic Inc.

Harvard

Marsden J., . (2007). The night is for hunting. New York: Scholastic Inc.

MLA

Marsden John, . The night is for hunting. New York: Scholastic Inc. 2007.

  • Place hold
  • Print
  • Cite
  • Add to your cart (remove)
  • Save record
    BIBTEX Dublin Core MARCXML MARC (non-Unicode/MARC-8) MARC (Unicode/UTF-8) MARC (Unicode/UTF-8, Standard) MODS (XML) RIS
  • More searches
    Search for this title in:
    Other Libraries (WorldCat) Other Databases (Google Scholar) Online Stores (Bookfinder.com) Open Library (openlibrary.org)

Exporting to Dublin Core...

SOUTHVILLE LIBRARY

Southville International School and Colleges Library

1281 Tropical Ave. Cor. Luxembourg St., BF Homes International, Las Pinas City

Tel. No. 8256374 / 252358 Loc. 117/146

Powered by Koha